000 00741nam a2200181 a 4500
001 001089264
003 AM-YeHGA
005 20250617151447.0
008 150626s1975 ||| r 000 0 rus d
040 _aAM-YeHGA
041 0 _arus
100 1 _aЛейтман, Михаил Борисович
245 1 0 _aПроектирование транзисторных переключателей напряжения :
_bУчебное пособие /
_cМ.Б. Лейтман.
260 _aСмоленск :
_bБ.и.,
_c1975.
300 _a37 с. :
_bил.
653 0 _aАвтоматика и телемеханика - Многоканальные переключатели напряжения - Учебники
090 _c353686
999 _c351873
_d351873